Orígen i valors del catalanisme / Francesc Ferrer i Gironès
Descripción Física:
53 p., 1 f. ; 22 cm
Colección:
Quaderns Roca i Ferreras ; 9
Materias:
Nacionalisme -- Catalunya
MARC
| LEADER | 00000nam a2200000Ia 4500 | ||
|---|---|---|---|
| 001 | 12141 | ||
| 008 | 160829s9999 xx 000 0 cat d | ||
| 080 | |a M-3-370 | ||
| 100 | |a Ferrer i Gironès, Francesc |9 21693 | ||
| 245 | |a Orígen i valors del catalanisme / Francesc Ferrer i Gironès | ||
| 260 | |a Barcelona : |b Associació Josep Narcís Roca i Ferreras ; 1998 | ||
| 300 | |a 53 p., 1 f. ; |c 22 cm | ||
| 490 | |a Quaderns Roca i Ferreras ; 9 | ||
| 650 | 0 | |a Nacionalisme |z Catalunya |9 11008 | |
| 901 | |a Arxiu | ||
| 942 | |n 1 | ||
| 952 | |0 0 |1 0 |4 0 |6 M3370 |7 1 |9 43184 |a Arxiu |b Arxiu |d 2016-12-01 |l 0 |o M-3-370 |p 12141 |r 2016-12-01 00:00:00 |w 2016-12-01 |y ARXIU | ||
| 999 | |c 45728 |d 45728 | ||